[Event "Mechanics' Shipman TNM; G/2 d/5"]
[Site "San Francisco"]
[Date "2018.09.25"]
[Round "8.31"]
[White "Harris, Clarence"]
[Black "Cohee, James"]
[Result "0-1"]
[WhiteElo "1400"]
[BlackElo "1633"]
[Annotator "Winslow,Elliott"]
[PlyCount "92"]
[EventDate "2018.??.??"]
[Source "ChessBase"]
[SourceDate "2007.09.04"]

1. e4 c5 2. Nc3 d6 3. d3 Nf6 4. f4 Nc6 5. Nf3 e5 6. f5 Be7 7. Be2 O-O 8. O-O
Nd4 9. Nxd4 cxd4 10. Nb1 Bd7 11. Bf3 Bc6 12. c4 dxc3 13. Nxc3 Qb6+ 14. Kh1 Rfe8
$6 (14... Rfd8) 15. Qe2 h6 16. Be3 Qa5 (16... Qd8) 17. a3 Rad8 (17... d5 $1)
18. b4 Qc7 19. Rac1 Qb8 (19... Qd7 $11) 20. b5 Bd7 21. Qf2 b6 22. Qg3 Kh7 23.
a4 Bc8 24. Qh3 d5 25. exd5 Bb7 26. Be4 Nxe4 27. dxe4 Qd6 28. g4 f6 29. Qh5 Rh8
30. Rf3 Qd7 31. Rh3 Qe8 32. Qh4 Kg8 33. Rg1 Kf7 34. Qf2 Rc8 35. Rc1 Rc4 36. Qd2
$2 (36. Qa2 $1 $18) 36... Qd7 37. Qa2 Rhc8 38. Bd2 Bb4 39. Qb3 $2 (39. Kg1 $11)
39... Bxc3 40. Rhxc3 Rxe4 41. Rc6 Kf8 $2 (41... Rxg4) 42. Bb4+ Kg8 43. d6+ (43.
Rxc8+ Bxc8 44. h3) 43... Kh7 44. Qe6 {[#]} Rxc6 45. bxc6 Bxc6 46. Rxc6 Qxc6 0-1

[Event "Mechanics' Vartan Bedjanian TNM; G/2 d/"]
[Site "San Francisco"]
[Date "2018.11.07"]
[Round "3.36"]
[White "Harris, Clarence"]
[Black "Cowgill, Jackie"]
[Result "1/2-1/2"]
[WhiteElo "1400"]
[BlackElo "1007"]
[Annotator "Winslow,Elliott"]
[PlyCount "83"]
[EventDate "2018.??.??"]
[Source "ChessBase"]
[SourceDate "2007.09.04"]

1. e4 e5 2. Nf3 Nc6 3. Bb5 a6 4. Bxc6 dxc6 5. O-O Bg4 6. h3 h5 7. d3 Qf6 8.
Nbd2 O-O-O 9. Re1 Bd6 10. Nc4 Bxf3 11. gxf3 {
Just a question: on principle, wouldn't you want the queens off here?} (11.
Qxf3) 11... Ne7 12. c3 Ng6 13. d4 Nh4 14. Re3 Qg6+ 15. Kf1 Qg2+ 16. Ke2 Qxh3
17. Bd2 Ng2 18. Rd3 Qe6 19. Qb3 h4 20. Bg5 Nf4+ 21. Bxf4 exf4 22. e5 b5 23. Na5
Qxb3 24. axb3 Rde8 25. Nxc6 h3 26. Rdd1 Rh6 27. Kd3 Ba3 {
It took me a full minute to notice ...Rxc6!} 28. Na5 Bf8 29. b4 Ree6 30. Nb3 h2
31. Rh1 Reg6 32. Ke2 Rg1 $4 33. Raxg1 hxg1=N+ 34. Kf1 $4 (34. Rxg1 $18) 34...
Rxh1 35. Kg2 Rh6 36. Kxg1 g5 37. Nd2 Rg6 38. Kg2 Kb7 39. Kh3 Rh6+ 40. Kg4 Be7
41. Ne4 Rh1 42. Kf5 {I am under the impresssion that Black is up a rook. This
is sufficient for checkmate. So she should play on.} 1/2-1/2

[Event "Mechanics' Shipman TNM; G/2 d/5"]
[Site "San Francisco"]
[Date "2018.08.21"]
[Round "3.36"]
[White "Harris, Clarence"]
[Black "Donaldson, John W"]
[Result "0-1"]
[WhiteElo "1400"]
[BlackElo "2415"]
[PlyCount "76"]
[EventDate "2018.??.??"]
[Source "ChessBase"]
[SourceDate "2007.09.04"]

1. e4 c5 2. Nc3 Nc6 3. g3 g6 4. Bg2 Bg7 5. f4 d6 6. d3 Nf6 7. Nf3 O-O 8. O-O
Rb8 9. Bd2 b5 10. Re1 Bg4 11. Qc1 Nd7 12. h3 Bxf3 13. Bxf3 Nd4 14. Bg2 b4 15.
Nd5 e6 16. Ne3 Qc7 17. c3 Nc6 18. Ng4 f5 19. Nf2 a5 20. exf5 exf5 21. Bd5+ Kh8
22. Re2 Nf6 23. Bg2 Rbe8 24. Qe1 a4 25. a3 bxc3 26. bxc3 Na5 27. c4 Nb3 28. Rb1
Rxe2 29. Qxe2 Re8 30. Qd1 d5 31. Bc3 Nh5 32. Bxg7+ Kxg7 33. Kh2 Re3 34. Rxb3
axb3 35. Qxb3 Nxf4 36. Bxd5 Nxd5 37. Qb2+ Kg8 38. Nh1 Nf4 0-1

[Event "Mechanics' Bedjanian TNM; G/2 d/5"]
[Site "San Francisco"]
[Date "2018.12.18"]
[Round "9.34"]
[White "Harris, Clarence"]
[Black "Enkhjargal, Gabriel"]
[Result "1-0"]
[WhiteElo "1400"]
[BlackElo "1007"]
[PlyCount "59"]
[EventDate "2018.??.??"]
[Source "ChessBase"]
[SourceDate "2007.09.04"]

1. e4 e5 2. Nf3 Nc6 3. Bb5 a6 4. Bxc6 bxc6 5. O-O d5 6. Nxe5 Bd7 7. Re1 Bd6 8.
Nxd7 Qxd7 9. exd5+ Ne7 10. d4 O-O 11. dxc6 Nxc6 12. d5 Ne5 13. Nc3 Rfe8 14. Ne4
Ng4 15. g3 Re7 16. Bg5 f6 17. Nxd6 Rxe1+ 18. Qxe1 Qxd6 19. Bf4 Qxd5 20. Rd1 Qh5
21. h4 Re8 22. Qd2 h6 23. Kg2 g5 24. Qd5+ Kg7 25. Qf5 Ne3+ 26. Bxe3 Qxd1 27. h5
Qxh5 28. Bd4 Qf7 29. Qf3 Rd8 30. Bc3 {
At this point the last seemingly readable scoresheet stops making sense. .....}
1-0

[Event "Mechanics' Winter TNM; G/2 d5"]
[Site "San Francisco"]
[Date "2018.02.20"]
[Round "7.34"]
[White "Harris, Clarence"]
[Black "MacIntyre, Brendan"]
[Result "0-1"]
[WhiteElo "1407"]
[BlackElo "1619"]
[PlyCount "48"]
[EventDate "2018.??.??"]
[Source "ChessBase"]
[SourceDate "2007.09.04"]

1. e4 c5 2. Nc3 Nc6 3. g3 g6 4. Bg2 Bg7 5. d3 b6 6. f4 Bb7 7. Nf3 d6 8. O-O Nf6
9. Be3 O-O 10. e5 Ng4 11. Bd2 dxe5 12. h3 Nh6 13. fxe5 Nxe5 14. Bxh6 Nxf3+ 15.
Bxf3 Bxf3 16. Qxf3 Bxh6 17. Rae1 Bg7 18. Ne4 Qd4+ 19. Kg2 Qxb2 20. Re2 Qd4 21.
Ref2 f5 22. c3 Qe5 23. Ng5 Rab8 24. Re1 $2 Qxe1 0-1

[Event "Mechanics' Bedjanian TNM; G/2 d/5"]
[Site "San Francisco"]
[Date "2018.12.04"]
[Round "7.35"]
[White "Harris, Clarence"]
[Black "McEnroe, Glenn"]
[Result "1-0"]
[WhiteElo "1400"]
[BlackElo "1508"]
[Annotator "Winslow,Elliott"]
[PlyCount "105"]
[EventDate "2018.??.??"]
[Source "ChessBase"]
[SourceDate "2007.09.04"]

1. e4 e6 2. d3 d5 3. Nd2 c5 4. Ngf3 Nc6 5. g3 Nf6 6. Bg2 b5 7. O-O Qc7 8. Re1
Be7 9. e5 Nd7 10. Qe2 O-O 11. h4 Bb7 12. Nf1 Rac8 (12... Rfc8 $5 {ready for def
ensive moves ...Qd8 and ...Nf8 is an efficient arrangement. Except that it's
0-3 in the database...}) 13. Bf4 a5 14. h5 h6 15. N1h2 Nd4 $6 (15... a4 16. Ng4
Nd4) 16. Nxd4 cxd4 17. Rac1 Qd8 (17... Nb8) 18. Qg4 Bg5 (18... Kh8) 19. Nf3
Bxf4 20. Qxf4 (20. gxf4 $5) 20... Qe7 21. Bh3 Qb4 22. b3 a4 $6 23. Nxd4 Qe7 24.
Nxb5 Qg5 25. Qxg5 hxg5 26. d4 axb3 27. axb3 Ba6 28. Nd6 Rc3 29. Bf1 Bxf1 30.
Kxf1 Rb8 31. Ke2 Rb6 32. Red1 f6 33. Rd3 Rcc6 (33... Rbxb3 34. Kd2 Rxd3+ 35.
cxd3 fxe5 36. Rc7 Nf8 37. Ne8) 34. f4 $1 fxe5 35. fxe5 Rb4 36. Kd2 Rb8 37. Ra1
Rf8 38. c3 Rf2+ 39. Ke3 Rc2 40. Nb5 Rh2 41. Ra7 Nf8 42. b4 Rxh5 43. Nd6 Rh3 44.
Kf3 Rh1 45. b5 Rb6 46. Rb7 Rxb7 47. Nxb7 Nd7 48. Kg4 Rb1 49. Nd6 Nb6 50. Kxg5
Kh7 51. g4 Rb3 52. Rh3+ Kg8 53. Kg6 $138 {Black lost on time} (53. Rf3 $1) 1-0

[Event "Mechanics' Shipman TNM; G/2 d/5"]
[Site "San Francisco"]
[Date "2018.09.04"]
[Round "5.34"]
[White "Harris, Clarence"]
[Black "Newey, Richard"]
[Result "1-0"]
[WhiteElo "1400"]
[BlackElo "1630"]
[PlyCount "43"]
[EventDate "2018.??.??"]
[Source "ChessBase"]
[SourceDate "2007.09.04"]

1. e4 c5 2. Nc3 g6 3. g3 Bg7 4. Bg2 d6 5. f4 Nc6 6. Nf3 Nh6 7. h3 f5 8. d3 Bd7
9. Be3 Rc8 10. O-O O-O 11. Re1 Qa5 12. Bd2 Qd8 13. e5 Nd4 14. exd6 Nxf3+ 15.
Bxf3 exd6 16. Bxb7 Kh8 17. Bxc8 Bxc8 18. Nd5 Bb7 19. c4 Ng8 20. Qb3 Qd7 21. Re2
Bd4+ 22. Kh2 1-0

[Event "Mechanics' Summer TNM; G/2 d/5"]
[Site "San Francisco"]
[Date "2018.06.12"]
[Round "3.21"]
[White "Harris, Clarence"]
[Black "Pane, Gianluca"]
[Result "0-1"]
[WhiteElo "1409"]
[BlackElo "1847"]
[PlyCount "58"]
[EventDate "2018.??.??"]
[Source "ChessBase"]
[SourceDate "2007.09.04"]

1. e4 d6 2. Nf3 e5 3. d3 Nf6 4. Nbd2 Be7 5. g3 O-O 6. Bg2 c6 7. O-O Re8 8. Re1
Bf8 9. Qe2 Qc7 10. a4 a5 11. Nc4 Bg4 12. h3 Be6 13. Ne3 Na6 14. Nh4 Rad8 15.
Nef5 h6 16. g4 Nh7 17. Nf3 f6 18. h4 Qd7 19. Bh3 g6 20. Ne3 d5 21. Kh2 Nc5 22.
Rg1 dxe4 23. dxe4 Nxe4 24. Nf5 Nd6 25. Nxh6+ Kh8 26. Be3 Nc4 27. Rad1 Qc7 28.
Rxd8 Rxd8 29. g5 e4+ 0-1

[Event "Mechanics' Shipman TNM; G/2 d/5"]
[Site "San Francisco"]
[Date "2018.09.18"]
[Round "7.32"]
[White "Harris, Clarence"]
[Black "Starr, Albert Mart"]
[Result "0-1"]
[WhiteElo "1400"]
[BlackElo "1502"]
[Annotator "Winslow,Elliott"]
[PlyCount "86"]
[EventDate "2018.??.??"]
[Source "ChessBase"]
[SourceDate "2007.09.04"]

1. e4 e5 2. Nf3 Nf6 3. Nxe5 d6 4. Nf3 Nxe4 5. d3 (5. d4 $1 d5 6. Bd3 {
intending 0-0 and attacking e4 & d5, when the N/e4 is more a liability than an
asset.}) (5. Nc3 $5 Nxc3 6. dxc3 Be7 7. Be3 O-O 8. Qd2 {and 0-0-0}) 5... Nf6 6.
Nc3 c6 7. Bg5 Be7 8. Be2 O-O 9. O-O h6 10. Bd2 Bg4 11. h3 Bh5 12. Re1 Nbd7 13.
Bf4 Re8 14. Ne4 d5 15. Nc3 Bf8 16. Nd4 Bxe2 17. Ncxe2 Qb6 18. Qc1 Kh7 19. Nf5
Ng8 20. Nd6 Bxd6 21. Bxd6 Re6 22. Bf4 Rae8 23. Be3 Qa6 24. Nf4 R6e7 25. Qd2 b6
26. Qc3 Qb7 27. Nh5 f6 28. d4 Nf8 29. Qd3+ Kh8 30. Nf4 Qd7 31. g4 c5 32. c3 c4
33. Qc2 Re4 34. Bd2 Rxe1+ 35. Rxe1 Rxe1+ 36. Bxe1 Qd6 37. Bd2 Ne7 38. f3 g5 39.
Ne2 Qe6 40. Bc1 f5 41. Ng3 f4 42. Nf5 Nxf5 43. gxf5 Qe1+ 0-1

[Event "Mechanics' Spring TNM; G/2 d5"]
[Site "San Francisco"]
[Date "2018.03.20"]
[Round "1.43"]
[White "Harris, John"]
[Black "Argo, Guy"]
[Result "1-0"]
[WhiteElo "1657"]
[BlackElo "1951"]
[PlyCount "75"]
[EventDate "2018.??.??"]
[Source "ChessBase"]
[SourceDate "2007.09.04"]

1. c4 e5 2. g3 Nc6 3. Bg2 f5 4. Nc3 Nf6 5. d3 Bb4 6. a3 Bxc3+ 7. bxc3 O-O 8. c5
d5 9. cxd6 cxd6 10. Nf3 Qe8 11. O-O Qh5 12. Qb3+ Kh8 13. Ng5 h6 14. Bf3 Qe8 15.
Bxc6 bxc6 16. Nf3 Be6 17. Qc2 Qh5 18. Kg2 Bd5 19. c4 Be6 20. h3 f4 21. Rh1 g5
22. g4 Qg6 23. c5 Bd5 24. Bb2 e4 25. dxe4 Bxe4 26. Qc3 d5 27. Qe5 Kh7 28. Qc7+
Rf7 29. Qxc6 d4 30. Qa4 Re8 31. Bxd4 Bc2 32. Qa6 Qe4 33. Rhc1 Qxe2 34. Qxe2
Rxe2 35. Ra2 Bd3 36. Rxe2 Bxe2 37. Ne5 Rf8 38. c6 {
White won in a few more moves which are not available.} 1-0

[Event "Mechanics' Spring TNM; G/2 d5"]
[Site "San Francisco"]
[Date "2018.05.08"]
[Round "8.29"]
[White "Harris, John"]
[Black "Bennett, Tavis Lee"]
[Result "1-0"]
[WhiteElo "1657"]
[BlackElo "1461"]
[PlyCount "85"]
[EventDate "2018.??.??"]
[Source "ChessBase"]
[SourceDate "2007.09.04"]

1. d4 d5 2. Bg5 h6 3. Bh4 c6 4. Nd2 Qb6 5. Nb3 e6 6. Nf3 Bd6 7. e3 g5 8. Bg3
Bxg3 9. hxg3 Qb4+ 10. Qd2 Qxd2+ 11. Nbxd2 f6 12. e4 g4 13. Nh2 e5 14. dxe5 fxe5
15. Be2 Nf6 16. O-O-O Be6 17. f3 h5 18. fxg4 hxg4 19. Nxg4 Rxh1 20. Nxf6+ Kf7
21. Rxh1 Kxf6 22. Rh6+ Ke7 23. Rh7+ Kd6 24. Rxb7 Nd7 25. exd5 cxd5 26. Rb3 Nc5
27. Ra3 a5 28. b4 Nb7 29. c4 a4 30. c5+ Kc6 31. Nf3 e4 32. Nd4+ Kd7 33. c6+ Kd6
34. cxb7 Rb8 35. Nxe6 Kxe6 36. Bg4+ Ke5 37. Bc8 d4 38. Kd2 d3 39. Ke3 Kd6 40.
Kxe4 Kc7 41. Kxd3 Rxb7 42. Bxb7 Kxb7 43. Rc3 1-0

[Event "Mechanics' Bedjanian TNM; G/2 d/5"]
[Site "San Francisco"]
[Date "2018.11.20"]
[Round "5.12"]
[White "Harris, John"]
[Black "Clemens, Kristian"]
[Result "1/2-1/2"]
[WhiteElo "1800"]
[BlackElo "1993"]
[Annotator "Winslow,Elliott"]
[PlyCount "120"]
[EventDate "2018.??.??"]
[Source "ChessBase"]
[SourceDate "2007.09.04"]

1. c4 e6 2. g3 Nf6 3. Bg2 d5 4. d4 dxc4 5. Qa4+ Bd7 (5... Nbd7 $5 6. Qxc4 (6.
Nf3 a6 7. Nc3 (7. Qxc4 b5 8. Qc6 Ra7 $1) 7... Be7 $5 (7... Rb8) (7... Be7) 8.
Ne5 $5)) 6. Qxc4 Bc6 7. Nf3 Bd5 8. Qa4+ Qd7 9. Qxd7+ Nbxd7 10. O-O c5 11. Nc3
Bc6 12. Re1 Ne4 13. Nxe4 Bxe4 14. Be3 Be7 15. dxc5 Nxc5 16. Nd2 Bxg2 17. Kxg2
O-O 18. Rac1 Rfd8 19. Bxc5 Bxc5 20. Rxc5 Rxd2 21. Rec1 g6 22. R1c2 Rad8 23. Kf3
b6 24. Ke3 R2d5 25. Rxd5 Rxd5 26. f4 Rh5 27. h4 Kg7 28. Rc7 Ra5 29. a3 e5 30.
Rc3 Rb5 31. b4 exf4+ 32. Kxf4 Rf5+ 33. Ke4 a5 34. Rc6 Rb5 35. bxa5 Rxa5 36.
Rxb6 Ra4+ 37. Kf3 Rxa3+ 38. e3 h6 39. Rc6 h5 40. Rb6 Ra1 41. Kf2 Ra5 42. Ke2
Rf5 43. Rb4 Kf6 44. Rf4 Ke5 45. Kf3 Ke6 46. Ke4 Ra5 47. Kf3 Ra1 48. Re4+ Kf6
49. Rf4+ Ke5 50. Re4+ Kf5 51. Rf4+ Ke6 52. Re4+ Kf6 53. Rf4+ Kg7 54. Rb4 Ra6
55. Ke2 Ra5 56. Rb7 Kf6 57. Rb6+ Kf5 58. Rb4 Re5 59. Kf3 Ra5 60. Rf4+ Ke6
1/2-1/2

[Event "Mechanics' Shipman TNM; G/2 d/5"]
[Site "San Francisco"]
[Date "2018.09.04"]
[Round "5.30"]
[White "Harris, John"]
[Black "Cole, Tony"]
[Result "1-0"]
[WhiteElo "1841"]
[BlackElo "1400"]
[PlyCount "153"]
[EventDate "2018.??.??"]
[Source "ChessBase"]
[SourceDate "2007.09.04"]

1. c4 e5 2. g3 Nf6 3. Bg2 d5 4. cxd5 Nxd5 5. Nc3 Be6 6. Nf3 Nc6 7. O-O Qd7 8.
Ng5 Be7 9. Nxe6 fxe6 10. Ne4 O-O-O 11. a3 Nb6 12. b4 h5 13. d3 Kb8 14. Be3 Nd4
15. Rb1 Qa4 16. Bxd4 exd4 17. Qc1 h4 18. Qb2 e5 19. Nc5 Qe8 20. Nxb7 Rc8 21.
Na5 c6 22. g4 Na4 23. Qb3 Nc3 24. Rb2 Qg8 25. Qxg8 Rhxg8 26. Nxc6+ Rxc6 27.
Bxc6 h3 28. Bf3 Na4 29. Rc2 Nc3 30. Rfc1 g5 31. Kf1 Rc8 32. Ke1 Bd6 33. Be4 Rc7
34. f3 Kc8 35. Kf2 Kb8 36. Kg3 Nxe2+ 37. Rxe2 Rxc1 38. Ra2 Rc3 39. Kxh3 Rb3 40.
Kg3 Be7 41. Kf2 a5 42. bxa5 Bxa3 43. Ke2 Rb2+ 44. Rxb2+ Bxb2 45. a6 Bc3 46. h4
gxh4 47. g5 Ba5 48. Kf1 Bd8 49. g6 Bf6 50. Kg2 Ka7 51. Bb7 Kb8 52. Kh3 Ka7 53.
Kg4 Kb8 54. Kh3 Ka7 55. Kg4 Kb6 56. f4 exf4 57. Kxf4 Ka7 58. Kf5 Bg7 59. Ke6 h3
60. Kf7 Bh6 61. g7 Bxg7 62. Kxg7 h2 63. Kg6 h1=Q 64. Bxh1 Kxa6 65. Kf6 Kb5 66.
Ke5 Kc5 67. Bg2 Kb6 68. Kxd4 Kc7 69. Kd5 Kd7 70. Bf3 Kd8 71. Kd6 Kc8 72. Ke7
Kc7 73. d4 Kb6 74. d5 Kc7 75. d6+ Kb6 76. d7 Kc7 77. d8=Q# 1-0

[Event "Mechanics' Spring TNM; G/2 d5"]
[Site "San Francisco"]
[Date "2018.04.03"]
[Round "3.7"]
[White "Harris, John"]
[Black "Davies, Vinzent"]
[Result "1/2-1/2"]
[WhiteElo "1657"]
[BlackElo "2015"]
[PlyCount "76"]
[EventDate "2018.??.??"]
[Source "ChessBase"]
[SourceDate "2007.09.04"]

1. d4 Nf6 2. Bf4 c5 3. e3 Qb6 4. Nc3 d6 5. Bb5+ Bd7 6. Bxd7+ Nbxd7 7. Nge2 g6
8. O-O Bg7 9. h3 O-O 10. Qd3 a6 11. a4 Rac8 12. a5 Qd8 13. Rfd1 Re8 14. Ne4 c4
15. Nxf6+ exf6 16. Qa3 d5 17. Qb4 g5 18. Bh2 Re7 19. Qxb7 Nb8 20. Qb4 Bf8 21.
Bd6 Nc6 22. Qa3 Rb7 23. Bxf8 Qxf8 24. Qxf8+ Kxf8 25. Nc3 Nb4 26. Rdc1 f5 27.
Na4 Rb5 28. Nc5 Kg7 29. Kf1 Ra8 30. c3 Nc6 31. Ra2 Nxa5 32. Rca1 Nb3 33. Nxb3
Rxb3 34. Ke1 Rab8 35. Rxa6 Rxb2 36. R1a2 Rb1+ 37. Ke2 Rc1 38. R6a5 Rxc3 1/2-1/2

[Event "Mechanics' Bedjanian TNM; G/2 d/5"]
[Site "San Francisco"]
[Date "2018.12.11"]
[Round "8.8"]
[White "Harris, John"]
[Black "Gaffagan, Steven"]
[Result "1/2-1/2"]
[WhiteElo "1800"]
[BlackElo "2083"]
[PlyCount "101"]
[EventDate "2018.??.??"]
[Source "ChessBase"]
[SourceDate "2007.09.04"]

1. c4 b6 2. Nc3 Bb7 3. e4 e6 4. Nge2 c5 5. g3 Nf6 6. Bg2 d6 7. d4 cxd4 8. Nxd4
a6 9. O-O Nbd7 10. Qe2 Rc8 11. Bd2 Qc7 12. b3 Be7 13. Rfd1 O-O 14. Rac1 Rfe8
15. Kh1 Qb8 16. Be3 Qa8 17. f3 Bd8 18. Qf2 Bc7 19. Nde2 d5 20. cxd5 exd5 21.
exd5 Nxd5 22. Nxd5 Bxd5 23. Nc3 Bc6 24. Na4 b5 25. Nb2 Nf6 26. Bd4 Re6 (26...
Be5 27. Bxe5 Rxe5 28. Rxc6 Qxc6 29. f4 Ng4 30. Qd2 Qb6) 27. Re1 Rxe1+ 28. Rxe1
Ba5 29. Rf1 Nd5 30. a3 Qb7 31. Nd3 Bb6 32. Nc5 Bxc5 33. Bxc5 Re8 34. Re1 Qd7
35. Rxe8+ Qxe8 36. Qd2 h6 37. Kg1 Qe5 38. Bd4 Qf5 39. Kf2 Nf6 40. Qd1 h5 41.
Kg1 Qd5 42. Kf2 h4 43. Bf1 hxg3+ 44. hxg3 Qd6 45. Be2 Nh5 46. f4 Nf6 47. Be5
Ne4+ 48. Ke1 Qxd1+ 49. Bxd1 Nxg3 50. b4 f6 51. Bd6 1/2-1/2

[Event "Mechanics' Shipman TNM; G/2 d/5"]
[Site "San Francisco"]
[Date "2018.08.07"]
[Round "1.19"]
[White "Harris, John"]
[Black "Hilliard, Michael"]
[Result "1-0"]
[WhiteElo "1841"]
[BlackElo "1400"]
[PlyCount "53"]
[EventDate "2018.??.??"]
[Source "ChessBase"]
[SourceDate "2007.09.04"]

1. c4 e6 2. g3 Nf6 3. Bg2 c6 4. Nc3 d5 5. d4 Bd6 6. Nf3 Nbd7 7. O-O O-O 8. b3
b6 9. Bb2 Rb8 10. Qc2 a6 11. Rfe1 Bb7 12. Rad1 Re8 13. e4 dxe4 14. Ng5 Qc7 15.
Ngxe4 Bf8 16. Re2 b5 17. Nxf6+ Nxf6 18. c5 Rbd8 19. Bc1 Nd5 20. Nxd5 exd5 21.
Rde1 Rxe2 22. Qxe2 g6 23. Bg5 Ra8 24. Bh3 Bc8 25. Qe8 Qb7 {Diagram [#]} 26.
Qxf8+ Kxf8 27. Bh6+ 1-0

[Event "Mechanics' Summer TNM; G/2 d5"]
[Site "San Francisco"]
[Date "2018.06.26"]
[Round "5.13"]
[White "Harris, John"]
[Black "Kim, Isaiah"]
[Result "1/2-1/2"]
[WhiteElo "1746"]
[BlackElo "2063"]
[PlyCount "89"]
[EventDate "2018.??.??"]
[Source "ChessBase"]
[SourceDate "2007.09.04"]

1. c4 e5 2. Nc3 Nf6 3. g3 Nc6 4. Bg2 a6 5. d3 Bc5 6. Nf3 O-O 7. O-O d6 8. Bg5
h6 9. Bxf6 Qxf6 10. Ne4 Qe7 11. Nxc5 dxc5 12. Qc2 Bg4 13. Rfe1 Rad8 14. Qc3 Rd7
15. h3 Bh5 16. Nd2 Nd4 17. g4 Bg6 18. e3 Nc6 19. e4 Rfd8 20. Re3 Nb4 21. Bf1 h5
22. a3 Nc6 23. Be2 Nd4 24. Bf1 Qg5 25. Rg3 hxg4 26. hxg4 Rd6 27. Nb3 Ne6 28.
Re1 b6 29. Nd2 Nd4 30. Ree3 Rf6 31. Rg2 Rf4 32. Reg3 Rd6 33. Qc1 Rf3 34. Qd1
Rxg3 35. Rxg3 Rf6 36. Kg2 Bh7 37. Be2 Qf4 38. Nf3 c6 39. Qe1 Rd6 40. Nxd4 Rxd4
41. Rh3 Rd6 42. Qh1 Rh6 43. Qh2 Qxh2+ 44. Rxh2 Rxh2+ 45. Kxh2 {(The players
managed to completely block the board up -- and quite a few moves later, in
extreme time pressure, they conceded the draw.)} 1/2-1/2

[Event "Mechanics' Summer TNM; G/2 d/5"]
[Site "San Francisco"]
[Date "2018.05.29"]
[Round "1.35"]
[White "Harris, John"]
[Black "Latourette, Nicholas"]
[Result "1-0"]
[WhiteElo "1746"]
[BlackElo "1066"]
[PlyCount "61"]
[EventDate "2018.??.??"]
[Source "ChessBase"]
[SourceDate "2007.09.04"]

1. d4 d5 2. Bf4 g6 3. Nd2 Nc6 4. e3 Nf6 5. Be2 Bg7 6. c3 O-O 7. Ngf3 Nh5 8. Qc2
Nxf4 9. exf4 Qd6 10. g3 f6 11. O-O e5 12. fxe5 fxe5 13. dxe5 Nxe5 14. Nxe5 Bxe5
15. Rfd1 Qb6 16. Nf3 Bg4 17. Nd4 Bxe2 18. Qxe2 Rae8 19. Qc2 a6 20. Rd2 c6 21.
Rad1 Bxd4 22. Rxd4 Rf7 23. Kg2 Rfe7 24. R1d2 Qc7 25. c4 dxc4 26. Qxc4+ Kh8 27.
Rd6 Qa5 28. Rd7 Qf5 29. Rxe7 Rxe7 30. Rd8+ Kg7 31. Rg8+ 1-0

[Event "Mechanics' Shipman TNM; G/2 d/5"]
[Site "San Francisco"]
[Date "2018.09.18"]
[Round "7.17"]
[White "Harris, John"]
[Black "Lesquillier, Walter"]
[Result "1-0"]
[WhiteElo "1841"]
[BlackElo "1671"]
[PlyCount "69"]
[EventDate "2018.??.??"]
[Source "ChessBase"]
[SourceDate "2007.09.04"]

1. c4 g6 2. g3 Bg7 3. Bg2 Nf6 4. Nc3 c5 5. e3 O-O 6. Nge2 d6 7. O-O Nc6 8. h3
Bf5 9. d3 Qd7 10. Kh2 e5 11. g4 Be6 12. Ng3 Ne8 13. e4 Nc7 14. f4 exf4 15. Bxf4
Ne5 16. Qd2 b5 17. cxb5 Nxb5 18. Nd5 Nc7 19. Bh6 Ne8 20. Bxg7 Kxg7 21. Nf4 f6
22. b3 Nc6 23. Nge2 Nd4 24. Nxd4 cxd4 25. Qb4 Rc8 26. Qxd4 a6 27. Rac1 Nc7 28.
g5 Kg8 29. gxf6 Nb5 30. Qb2 Rxc1 31. Rxc1 Bf7 32. a4 Nc7 33. b4 d5 34. Qe5 Ne8
35. Nxd5 1-0

[Event "Mechanics' Spring TNM; G/2 d5"]
[Site "San Francisco"]
[Date "2018.04.10"]
[Round "4.9"]
[White "Harris, John"]
[Black "Lewis, Edward Mich"]
[Result "0-1"]
[WhiteElo "1657"]
[BlackElo "1983"]
[Annotator "Donaldson"]
[PlyCount "62"]
[EventDate "2018.??.??"]
[Source "ChessBase"]
[SourceDate "2007.09.04"]

1. d4 Nf6 2. Bf4 c5 3. e3 d6 4. c3 Nbd7 5. Nd2 h6 6. Ngf3 a6 7. a4 Nh5 8. Bg3
g6 9. Bd3 Bg7 10. O-O b6 11. Qe2 O-O 12. Rab1 e5 13. dxe5 dxe5 14. e4 Re8 15.
Bc4 Qe7 16. Nh4 Kh7 17. Nf5 Nxg3 18. Nxg3 Bb7 19. Rfd1 Nf8 20. Ndf1 h5 21. Ne3
h4 22. Nd5 $2 (22. Ngf1 $11) (22. Ngf5 $5 gxf5 23. Nxf5 Qg5 24. Nd6 Re7 25.
Nxf7 Rxf7 26. Bxf7 Ng6 27. Bxg6+ Qxg6 28. f3 $11) 22... Bxd5 23. Bxd5 hxg3 24.
Bxa8 gxh2+ 25. Kxh2 Rxa8 26. Qg4 Ne6 27. Rd3 c4 28. Rd5 Qf6 29. Kg1 Bf8 30. Qe2
Bc5 31. a5 Nf4 0-1

[Event "Mechanics' Bedjanian TNM; G/2 d/5"]
[Site "San Francisco"]
[Date "2018.12.04"]
[Round "7.12"]
[White "Harris, John"]
[Black "Maser, Thomas"]
[Result "1-0"]
[WhiteElo "1800"]
[BlackElo "1900"]
[PlyCount "99"]
[EventDate "2018.??.??"]
[Source "ChessBase"]
[SourceDate "2007.09.04"]

1. c4 Nf6 2. g3 e6 3. Bg2 d5 4. Nf3 Bd6 5. d4 c5 6. cxd5 cxd4 7. dxe6 fxe6 8.
Nxd4 O-O 9. O-O Kh8 10. Nb5 Bc7 11. Qxd8 Bxd8 12. Nd6 Nc6 13. Nc3 Be7 14. Nxc8
Raxc8 15. e3 a6 16. Bh3 Nd8 17. Bd2 b5 18. Rac1 Rc5 19. Ne2 Rh5 20. Nf4 Rh6 21.
Bg2 g5 22. Nd3 Nf7 23. Bc3 Kg8 24. Nb4 Ng4 25. h3 Nge5 26. Nxa6 g4 27. hxg4
Nxg4 28. Bb4 Bxb4 29. Nxb4 Ng5 30. Rc5 e5 31. f4 Ne6 32. Rc3 exf4 33. exf4 Nd4
34. Re1 Nf5 35. Nd5 Rd6 36. Bf3 Nf6 37. Ne7+ Nxe7 38. Rxe7 Rd2 39. Rb3 Rc8 40.
Re2 Rd1+ 41. Kf2 Rcc1 42. Rxb5 Rf1+ 43. Ke3 Rg1 44. Rg5+ Kf8 45. Rf5 Kg7 46.
Rg5+ Kf8 47. Bg2 h6 48. Rb5 {(maybe)} Ng4+ 49. Ke4 Rc4+ 50. Kf5 1-0

[Event "Mechanics' Spring TNM; G/2 d5"]
[Site "San Francisco"]
[Date "2018.05.01"]
[Round "7.38"]
[White "Harris, John"]
[Black "Olson, David R"]
[Result "1-0"]
[WhiteElo "1657"]
[BlackElo "1400"]
[PlyCount "103"]
[EventDate "2018.??.??"]
[Source "ChessBase"]
[SourceDate "2007.09.04"]

1. d4 Nf6 2. Bg5 Ne4 3. Bh4 g5 4. Bg3 d5 5. Nd2 f5 6. Nxe4 f4 7. e3 dxe4 8.
Qh5+ Kd7 9. exf4 b6 10. Qxg5 e6 11. Qe5 Bd6 12. Qxe4 Nc6 13. Nf3 Bb7 14. Bb5 a6
15. Ne5+ Bxe5 16. dxe5 axb5 17. Rd1+ Kc8 18. Rxd8+ Nxd8 19. Qb4 Bxg2 20. Rg1
Bf3 21. a3 Nc6 22. Qxb5 Rd8 23. Qd3 Rxd3 24. cxd3 Nd4 25. Kd2 Bh5 26. Ke3 Nf5+
27. Kd2 Ra5 28. Ra1 Rd5 29. b4 Nd4 30. Kc3 Nc6 31. f3 Bg6 32. Rd1 b5 33. Bf2
Bh5 34. Rg1 Bg6 35. d4 Kd7 36. Rg5 Ne7 37. h4 Ke8 38. Rg1 Kf7 39. Ra1 c6 40. a4
bxa4 41. Rxa4 Bh5 42. Ra7 Bxf3 43. h5 Rd8 44. Bh4 Re8 45. h6 Kf8 46. Bg5 Nd5+
47. Kc4 Be4 48. Kc5 Rb8 49. Kd6 Nxb4 50. Kxe6 Re8+ 51. Kd6 Rd8+ 52. Bxd8 1-0